000 00223nam a22001097a 4500
082 _a823
_b823
100 _aBAX/L
245 _aLITTLE RED CAR
260 _aLONDON
_bLADYBIRD
650 _aENGLISH SHORT STORY
_zUK
942 _cBK
999 _c4400
_d4400